[Event "4NCL Division Four"]
[Site "Daventry, ENG"]
[Date "2022.11.05"]
[Round "1.81"]
[White "Duckers, Harvey L"]
[Black "Amato, Giampiero"]
[Result "1-0"]
[WhiteElo "1818"]
[BlackElo "1954"]
[PlyCount "89"]
[EventDate "2022.11.05"]
[WhiteTeam "Crowthorne B"]
[BlackTeam "CSC/Kingston 2"]

1. c4 c5 2. g3 g6 3. Bg2 Bg7 4. Nc3 Nc6 5. a3 a6 6. Nf3 e6 7. O-O Nge7 8. Rb1
Rb8 9. b4 cxb4 10. axb4 b5 11. cxb5 axb5 12. d4 O-O 13. Bf4 Rb6 14. e4 d5 15.
e5 Bd7 16. Qd2 Nf5 17. Bg5 f6 18. exf6 Bxf6 19. Bxf6 Qxf6 20. Ne2 Ra6 21. Rfd1
Rfa8 22. h4 Ra2 23. Rb2 Rxb2 24. Qxb2 Ra4 25. Ne5 Qe7 26. Nxc6 Bxc6 27. Qc3 Bd7
28. Rb1 Qd6 29. Bh3 Ne7 30. Nf4 Nc6 31. Nd3 Nxd4 32. Qxd4 e5 33. Qc5 Qxc5 34.
Nxc5 Bxh3 35. Nxa4 bxa4 36. b5 Bf5 37. Ra1 d4 38. b6 Be4 39. Kf1 Bc6 40. Rxa4
d3 41. Ke1 Bxa4 42. b7 Kf7 43. b8=Q Ke6 44. Kd2 Bc2 45. Qg8+ 1-0

[Event "4NCL Division Four"]
[Site "Daventry, ENG"]
[Date "2022.11.05"]
[Round "1.82"]
[White "Cooke, Charlie"]
[Black "Shek, Daniel"]
[Result "1/2-1/2"]
[WhiteElo "1756"]
[BlackElo "1518"]
[PlyCount "92"]
[EventDate "2022.11.05"]
[WhiteTeam "CSC/Kingston 2"]
[BlackTeam "Crowthorne B"]

1. d4 Nf6 2. c4 c5 3. Nf3 e6 4. Nc3 a6 5. e3 d5 6. dxc5 Bxc5 7. cxd5 Nxd5 8.
Nxd5 Qxd5 9. Qxd5 exd5 10. Bd3 Nc6 11. O-O f6 12. a3 Bg4 13. Nd2 O-O 14. Nb3
Bb6 15. Re1 Rfe8 16. Bd2 Be6 17. Rac1 Rad8 18. Bxa6 bxa6 19. Rxc6 Rb8 20. Bb4
Bd7 21. Rcc1 Ba4 22. Nd4 Bxd4 23. exd4 Rxe1+ 24. Rxe1 Bb3 25. Re7 Rc8 26. Bc3
Rb8 27. g3 Kf8 28. Re3 Bc4 29. Kg2 Kf7 30. Kf3 Rb7 31. Bb4 Ba2 32. Ke2 Ra7 33.
Bc5 Rb7 34. b4 Bc4+ 35. Kf3 g6 36. h4 Bb5 37. Kf4 Rd7 38. g4 Ba4 39. g5 f5 40.
Ke5 Bb5 41. Bd6 Bc4 42. a4 Rd8 43. a5 Re8+ 44. Kf4 Rxe3 45. Kxe3 Ke6 46. Bc5
Bb5 1/2-1/2

[Event "4NCL Division Four"]
[Site "Daventry, ENG"]
[Date "2022.11.05"]
[Round "1.83"]
[White "Rao, Shree"]
[Black "Eckert, Jonathan"]
[Result "1/2-1/2"]
[WhiteElo "1581"]
[BlackElo "1720"]
[PlyCount "131"]
[EventDate "2022.11.05"]
[WhiteTeam "Crowthorne B"]
[BlackTeam "CSC/Kingston 2"]

1. c4 f5 2. Nc3 Nf6 3. d4 e6 4. Bg5 Bb4 5. Qc2 O-O 6. e3 b6 7. Bd3 Bb7 8. f3
Bxc3+ 9. Qxc3 Qe8 10. Bxf6 Rxf6 11. O-O-O d6 12. Bc2 Nd7 13. Ne2 a5 14. Ba4 Qe7
15. Bxd7 Qxd7 16. Nf4 Qa4 17. a3 g5 18. d5 e5 19. Ne6 h6 20. f4 Ba6 21. fxe5
dxe5 22. Nxc7 Rc8 23. d6 Rf7 24. Qxe5 Bxc4 25. Qd4 Qc6 26. Kb1 Rd7 27. Qe5 Bb3
28. Rd4 Qc2+ 29. Ka1 Bf7 30. Rf1 Qb3 31. Nd5 Bxd5 32. Qxd5+ Qxd5 33. Rxd5 f4
34. exf4 Rf8 35. f5 Rf6 36. g4 Rfxd6 37. Rxd6 Rxd6 38. h3 Rd3 39. Rh1 Rg3 40.
Ka2 Kg7 41. b4 axb4 42. axb4 h5 43. gxh5 Rf3 44. Re1 Rxf5 45. Re6 b5 46. Re4
Kh6 47. Re3 Kxh5 48. Kb3 Kh4 49. Kc3 Rf4 50. Kb3 Kh5 51. Re5 Rf3+ 52. Kc2 Rxh3
53. Rxb5 Kg4 54. Rd5 Kf4 55. b5 g4 56. b6 Rh7 57. Rb5 Rb7 58. Rb4+ Kf3 59. Kd1
g3 60. Rb3+ Kf2 61. Rb2+ Kf1 62. Rb3 Rd7+ 63. Kc2 g2 64. b7 Rxb7 65. Rxb7 g1=Q
66. Rb1+ 1/2-1/2

[Event "4NCL Division Four"]
[Site "Daventry, ENG"]
[Date "2022.11.05"]
[Round "1.84"]
[White "Grey, Nicholas D"]
[Black "McKean, Matthew"]
[Result "1-0"]
[WhiteElo "1719"]
[BlackElo "1528"]
[PlyCount "49"]
[EventDate "2022.11.05"]
[WhiteTeam "CSC/Kingston 2"]
[BlackTeam "Crowthorne B"]

1. e4 e5 2. Nf3 Nc6 3. Bb5 Bc5 4. O-O Nge7 5. c3 d5 6. d4 exd4 7. cxd4 Bb6 8.
Nc3 dxe4 9. Nxe4 O-O 10. Bg5 Bd7 11. d5 Ne5 12. Bxd7 Nxf3+ 13. Qxf3 Qxd7 14.
Rad1 Nxd5 15. Rxd5 Qxd5 16. Nf6+ gxf6 17. Qxd5 fxg5 18. Qxg5+ Kh8 19. Qf6+ Kg8
20. Rd1 Rfe8 21. h4 Re6 22. Qg5+ Kh8 23. Rd7 Rg8 24. Qf5 Re1+ 25. Kh2 1-0

[Event "4NCL Division Four"]
[Site "Daventry, ENG"]
[Date "2022.11.05"]
[Round "1.85"]
[White "Coates, Christine"]
[Black "Moss, Stephen"]
[Result "0-1"]
[WhiteElo "1329"]
[BlackElo "1672"]
[PlyCount "78"]
[EventDate "2022.11.05"]
[WhiteTeam "Crowthorne B"]
[BlackTeam "CSC/Kingston 2"]

1. d4 Nf6 2. Bf4 g6 3. e3 Bg7 4. Nf3 d6 5. Be2 Nh5 6. Bg3 Nxg3 7. hxg3 Nc6 8.
c3 Bg4 9. Nbd2 O-O 10. Qc2 d5 11. Bd3 e5 12. Nxe5 Bxe5 13. dxe5 Nxe5 14. O-O
Qd6 15. Rae1 Nxd3 16. Qxd3 Rfe8 17. Qd4 Bd7 18. Rc1 c5 19. Qf4 Qxf4 20. gxf4
Bc6 21. Rfe1 Rad8 22. Nf3 f6 23. b4 b6 24. a3 Kf7 25. Ra1 d4 26. cxd4 Bxf3 27.
gxf3 cxd4 28. e4 Rd7 29. Rad1 Rc8 30. Rd3 Rc3 31. Rxc3 dxc3 32. Rc1 Rc7 33. Kf1
Ke6 34. Kg2 c2 35. Kg3 b5 36. e5 fxe5 37. fxe5 Kxe5 38. f4+ Ke4 39. f3+ Ke3 0-1

[Event "4NCL Division Four"]
[Site "Daventry, ENG"]
[Date "2022.11.05"]
[Round "1.86"]
[White "Cresswell, Mike J"]
[Black "Rao, Saachi"]
[Result "1-0"]
[WhiteElo "1592"]
[BlackElo "862"]
[PlyCount "43"]
[EventDate "2022.11.05"]
[WhiteTeam "CSC/Kingston 2"]
[BlackTeam "Crowthorne B"]

1. e4 c5 2. Nf3 d6 3. d4 cxd4 4. Nxd4 g6 5. Nc3 Bg7 6. Be3 Nf6 7. f3 e5 8. Ndb5
Nc6 9. Nxd6+ Kf8 10. Bc5 Qe7 11. Nd5 Nxd5 12. exd5 Nd4 13. Ne4 Qxc5 14. Nxc5
Bf5 15. Bd3 b6 16. Ne4 Rd8 17. c3 Bxe4 18. fxe4 Nc6 19. dxc6 b5 20. O-O Bh6 21.
Qf3 Kg7 22. Qxf7# 1-0

[Event "4NCL Division Four"]
[Site "Daventry, ENG"]
[Date "2022.11.05"]
[Round "1.91"]
[White "Nayberg, Simona"]
[Black "Kothari, Jai"]
[Result "0-1"]
[WhiteElo "1715"]
[BlackElo "1908"]
[PlyCount "106"]
[EventDate "2022.11.05"]
[WhiteTeam "Oxford 4"]
[BlackTeam "Guildford Young Guns"]

1. Nf3 d5 2. g3 Nf6 3. Bg2 e6 4. O-O Bd6 5. c4 O-O 6. b3 b6 7. Bb2 Bb7 8. Nc3
a6 9. Qc2 c5 10. cxd5 exd5 11. d4 Nbd7 12. Rad1 Qc7 13. dxc5 bxc5 14. e3 Bc6
15. Nh4 Qb7 16. Nf5 Qc7 17. Nxd5 Bxd5 18. Bxd5 Nxd5 19. Rxd5 Be5 20. Bxe5 Nxe5
21. Rxc5 Nf3+ 22. Kg2 Qb7 23. e4 Ng5 24. f3 Ne6 25. Rc4 Rfd8 26. Rd1 Rxd1 27.
Qxd1 Rd8 28. Qc2 h6 29. Ne3 Ng5 30. Rc7 Qb6 31. Rc8 Kh7 32. e5+ g6 33. Rxd8
Qxd8 34. h4 Ne6 35. Qd1 Qa5 36. Qd7 Qxa2+ 37. Kh3 Kg7 38. Qd5 h5 39. f4 Qf2 40.
Qe4 Nc5 41. Qd4 Qe1 42. Kg2 Qe2+ 43. Kh3 Nd3 44. Ng2 Nf2+ 45. Kh2 Ng4+ 46. Kg1
Kh7 47. b4 Qa2 48. Kh1 Qb1+ 49. Qg1 Qxb4 50. Qe1 a5 51. Qxb4 axb4 52. Ne1 b3
53. Nd3 Nf2+ 0-1

[Event "4NCL Division Four"]
[Site "Daventry, ENG"]
[Date "2022.11.05"]
[Round "1.92"]
[White "Sachdeva, Ronit"]
[Black "Cole, Graham"]
[Result "1/2-1/2"]
[WhiteElo "1789"]
[BlackElo "1737"]
[PlyCount "123"]
[EventDate "2022.11.05"]
[WhiteTeam "Guildford Young Guns"]
[BlackTeam "Oxford 4"]

1. Nf3 c5 2. e3 Nf6 3. b3 Nc6 4. Bb2 d5 5. d4 e6 6. Nbd2 Be7 7. a3 O-O 8. Bd3
b6 9. O-O Bb7 10. Ne5 cxd4 11. exd4 g6 12. f4 Nxe5 13. fxe5 Ne4 14. Bxe4 dxe4
15. a4 f5 16. exf6 Bxf6 17. Nc4 Qd5 18. Ne3 Qg5 19. Qe2 Rad8 20. Rad1 Bg7 21.
Rfe1 Rf7 22. Qg4 Qxg4 23. Nxg4 h5 24. Nf2 Rfd7 25. c3 e5 26. dxe5 Rxd1 27. Rxd1
Rxd1+ 28. Nxd1 Bxe5 29. c4 e3 30. Nc3 e2 31. Kf2 Bxg2 32. Nxe2 Bxb2 33. Kxg2
Kf7 34. Kf3 Kf6 35. h3 Ke5 36. Ke3 g5 37. Kf3 Kf5 38. Ng3+ Ke5 39. Ne2 g4+ 40.
hxg4 hxg4+ 41. Ke3 Ba3 42. Kf2 Ke4 43. Nc3+ Kd3 44. Nd5 Bc5+ 45. Kg3 a5 46.
Kxg4 Kc2 47. Kf4 Kxb3 48. Ke4 Kxc4 49. Nc7 Kb3 50. Kd5 Kxa4 51. Kc4 Bd6 52. Nb5
Be5 53. Na7 Bd6 54. Nb5 Bb4 55. Nd4 Ka3 56. Nc2+ Kb2 57. Nxb4 a4 58. Nd3+ Kc2
59. Nb4+ Kd2 60. Na2 Kc2 61. Kb4 Kb2 62. Kxa4 1/2-1/2

[Event "4NCL Division Four"]
[Site "Daventry, ENG"]
[Date "2022.11.05"]
[Round "1.93"]
[White "Curran, David P"]
[Black "Sefton, Adam"]
[Result "0-1"]
[WhiteElo "1796"]
[BlackElo "1606"]
[PlyCount "48"]
[EventDate "2022.11.05"]
[WhiteTeam "Oxford 4"]
[BlackTeam "Guildford Young Guns"]

1. b4 e5 2. Bb2 Bxb4 3. Bxe5 Nf6 4. Nf3 Nc6 5. Bb2 d5 6. e3 a6 7. c4 O-O 8. Qc2
Ne4 9. cxd5 Qxd5 10. Bc4 Qf5 11. O-O Re8 12. d4 Nd6 13. Bd3 Qh5 14. Nc3 Bg4 15.
Be2 Nf5 16. Nd5 Bd6 17. Nf4 Qh6 18. h3 Bxf3 19. Bxf3 Nfxd4 20. exd4 Qxf4 21. g3
Qxf3 22. Rad1 Re2 23. Qb1 Bxg3 24. Rd3 Bxf2+ 0-1

[Event "4NCL Division Four"]
[Site "Daventry, ENG"]
[Date "2022.11.05"]
[Round "1.94"]
[White "Butcher, Nathaniel"]
[Black "Hariharan, Shambavi"]
[Result "0-1"]
[WhiteElo "1450"]
[BlackElo "1659"]
[PlyCount "132"]
[EventDate "2022.11.05"]
[WhiteTeam "Guildford Young Guns"]
[BlackTeam "Oxford 4"]

1. e4 c6 2. d4 d5 3. Nc3 dxe4 4. Nxe4 Bf5 5. Ng3 Bg6 6. Bd3 Qxd4 7. Nf3 Qd8 8.
Ne5 Bxd3 9. Nxd3 Nf6 10. O-O e6 11. Bg5 Be7 12. Qf3 Nbd7 13. Rad1 Nd5 14. Bxe7
Qxe7 15. Rde1 O-O 16. Qg4 Qf6 17. Ne4 Qg6 18. Qxg6 hxg6 19. Nd6 b6 20. c4 N5f6
21. Ne4 Nxe4 22. Rxe4 Nf6 23. Ree1 b5 24. c5 Nd5 25. Rb1 Rfd8 26. Rbc1 a5 27.
Ne5 Rac8 28. g3 Ne7 29. Rfd1 Nd5 30. Re1 g5 31. Nf3 Nb4 32. Re2 Rd5 33. Re5 Nd3
34. Rxd5 exd5 35. Rc2 f6 36. Nd4 g6 37. b3 b4 38. Kf1 Kf7 39. Ke2 Ne5 40. Kf1
g4 41. Kg1 Re8 42. Kg2 Nd3 43. Kf1 Re1+ 44. Kg2 Re4 45. Kf1 Rxd4 46. Rd2 Ke6
47. Ke2 Nc1+ 48. Kd1 Rxd2+ 49. Kxd2 Nxa2 50. Kd3 Ke5 51. Ke3 Nc1 52. f4+ gxf3
53. Kxf3 Nxb3 54. h4 a4 55. g4 a3 56. h5 gxh5 57. gxh5 a2 58. h6 a1=Q 59. h7
Qh1+ 60. Ke3 Qh3+ 61. Kf2 Qxh7 62. Ke3 Qh3+ 63. Kf2 Ke4 64. Ke2 Qh2+ 65. Kf1
Ke3 66. Ke1 Qh1# 0-1

[Event "4NCL Division Four"]
[Site "Daventry, ENG"]
[Date "2022.11.05"]
[Round "1.95"]
[White "Richardson, Ewan"]
[Black "Twisk, Sebastian"]
[Result "0-1"]
[WhiteElo "1750"]
[BlackElo "1500"]
[PlyCount "153"]
[EventDate "2022.11.05"]
[WhiteTeam "Oxford 4"]
[BlackTeam "Guildford Young Guns"]

1. e4 c6 2. d4 d5 3. exd5 cxd5 4. Bd3 Nc6 5. c3 Qc7 6. Ne2 e6 7. Bf4 Bd6 8.
Bxd6 Qxd6 9. O-O Nf6 10. Nd2 O-O 11. Nf3 a6 12. Qc2 b5 13. a3 Na5 14. b3 Bd7
15. Ne5 Nc6 16. f4 Rfc8 17. Qb1 Be8 18. g4 g6 19. g5 Nh5 20. Rf3 Nxe5 21. fxe5
Qe7 22. h4 Ng7 23. Ng3 Rxc3 24. Ne2 Rc7 25. Qb2 Nf5 26. Bxf5 exf5 27. b4 Bd7
28. Rc3 Rac8 29. Rc5 Be6 30. Rac1 Kg7 31. Nf4 Kh8 32. Qg2 Rxc5 33. Rxc5 Rxc5
34. bxc5 Qd7 35. Nd3 a5 36. Qd2 Qc7 37. Kf2 Kg7 38. Qc3 Bd7 39. Qb3 Bc6 40. Nf4
Qd7 41. Qc3 Qc7 42. Kf3 Bd7 43. Kf2 Bc6 44. Qe1 Kg8 45. Qd2 a4 46. e6 fxe6 47.
Nxe6 Qh2+ 48. Ke3 Qg3+ 49. Ke2 Qg2+ 50. Kd1 Qf3+ 51. Qe2 Qxe2+ 52. Kxe2 b4 53.
Kd2 bxa3 54. Kc3 Bd7 55. Nf4 Bc6 56. Kc2 Kf7 57. Kb1 Ke7 58. Ka2 Kf7 59. Kxa3
Ke7 60. Kb4 Kf7 61. Nd3 Ke6 62. Ne5 f4 63. Kc3 Be8 64. Kd3 Bb5+ 65. Kc3 Be2 66.
Kb4 Bd1 67. c6 Kd6 68. Kb5 Kc7 69. Kb4 f3 70. Nd3 Kxc6 71. Nf2 Bb3 72. Nd3 Kd6
73. Kc3 Bc4 74. Nf2 a3 75. Kc2 a2 76. Kb2 Ke6 77. Ng4 0-1

[Event "4NCL Division Four"]
[Site "Daventry, ENG"]
[Date "2022.11.05"]
[Round "1.96"]
[White "Jennis, Alistair"]
[Black "Rumsby, Stephen"]
[Result "1/2-1/2"]
[WhiteElo "1050"]
[BlackElo "1605"]
[PlyCount "96"]
[EventDate "2022.11.05"]
[WhiteTeam "Guildford Young Guns"]
[BlackTeam "Oxford 4"]

1. e4 c5 2. Nf3 d6 3. c3 Nc6 4. Bb5 Bd7 5. d4 cxd4 6. cxd4 a6 7. Bxc6 Bxc6 8.
Nc3 g6 9. Be3 Bg7 10. Qd2 Nf6 11. d5 Bb5 12. Nd4 Qd7 13. b3 Qd8 14. Rc1 O-O 15.
a4 Bd7 16. O-O Rc8 17. f3 Be8 18. Rc2 Nd7 19. b4 Nb6 20. Nce2 Nc4 21. Qd3 Nxe3
22. Rxc8 Qxc8 23. Qxe3 Bxa4 24. Ra1 Bb5 25. Rc1 Qd7 26. Ng3 Rc8 27. Rd1 Rc4 28.
f4 Qc7 29. f5 Rc3 30. Nxb5 axb5 31. Qe2 Rc4 32. Rb1 Qb6+ 33. Kh1 Qd4 34. h3
Rxb4 35. Rc1 Rc4 36. Rb1 Qc5 37. Qd1 b4 38. Kh2 Be5 39. Qg4 Qd4 40. fxg6 hxg6
41. Rf1 Qxe4 42. Qd7 Bxg3+ 43. Kh1 Rc2 44. Qe8+ Kh7 45. Rxf7+ Kh6 46. Qh8+ Kg5
47. Qf6+ Kh5 48. Qh8+ Kg5 1/2-1/2

[Event "4NCL Division Four"]
[Site "Daventry, ENG"]
[Date "2022.11.05"]
[Round "1.101"]
[White "Hurney, Kevin"]
[Black "Onley, David E"]
[Result "1/2-1/2"]
[WhiteElo "2056"]
[BlackElo "2144"]
[PlyCount "58"]
[EventDate "2022.11.05"]
[WhiteTeam "MASCeteers"]
[BlackTeam "War and Piece A"]

1. e4 c5 2. Nf3 e6 3. d4 cxd4 4. Nxd4 Nc6 5. Be3 Nf6 6. Bd3 d5 7. exd5 Nxd5 8.
Nxc6 bxc6 9. O-O Be7 10. Qe2 O-O 11. Rd1 Qc7 12. c4 Nb4 13. Nc3 e5 14. Bb1 a5
15. a3 Na6 16. Na4 Rb8 17. c5 f5 18. f4 e4 19. Ba2+ Kh8 20. Bc4 Qb7 21. Qd2 Nc7
22. Nb6 Be6 23. Bxe6 Nxe6 24. Qxa5 Nxc5 25. Bxc5 Bxc5+ 26. Qxc5 Qxb6 27. Qxb6
Rxb6 28. b4 Kg8 29. Rd4 Rfb8 1/2-1/2

[Event "4NCL Division Four"]
[Site "Daventry, ENG"]
[Date "2022.11.05"]
[Round "1.102"]
[White "Tenin, Aleksander"]
[Black "Hazlehurst, Cory S"]
[Result "1-0"]
[WhiteElo "2110"]
[BlackElo "2056"]
[PlyCount "139"]
[EventDate "2022.11.05"]
[WhiteTeam "War and Piece A"]
[BlackTeam "MASCeteers"]

1. e4 c6 2. Nc3 d5 3. exd5 cxd5 4. d4 Bf5 5. g4 Bg6 6. h4 h5 7. g5 e6 8. Bd3
Bxd3 9. Qxd3 g6 10. Bf4 Bd6 11. Qb5+ Nc6 12. Qxb7 Bxf4 13. Qxc6+ Kf8 14. Nge2
Ne7 15. Qa6 Qb8 16. Nxf4 Qxf4 17. Ne2 Qf3 18. Kd2 Nf5 19. Raf1 Kg7 20. Qd3
Qxd3+ 21. Kxd3 Rab8 22. b3 Rhc8 23. Rh3 Rb6 24. c3 Rbc6 25. Rc1 Nd6 26. f3 Kf8
27. Rh2 Ke7 28. Ng3 Nb5 29. Rhc2 Na3 30. Rb2 Rb8 31. Nf1 a5 32. Ne3 Kd7 33. c4
dxc4+ 34. Nxc4 Nxc4 35. Rxc4 Rxc4 36. Kxc4 Kd6 37. Kd3 Rb5 38. Rc2 Rf5 39. Ke3
Rb5 40. f4 Rb4 41. Ke4 Kd7 42. Rc5 a4 43. Rc4 Rb6 44. Rxa4 Rc6 45. Rc4 Ra6 46.
a4 Kd6 47. Rc5 Rb6 48. Rb5 Rc6 49. a5 Rc1 50. Rb6+ Kc7 51. Ke5 Rh1 52. Kf6 Rxh4
53. Kxf7 Rxf4+ 54. Kxg6 h4 55. Rxe6 h3 56. Re7+ Kc6 57. Rh7 Rf3 58. b4 Kb5 59.
Rb7+ Kc4 60. a6 h2 61. Rh7 Rf2 62. a7 Ra2 63. Rxh2 Rxa7 64. Rb2 Kc3 65. Rb1 Kc2
66. Rf1 Rb7 67. d5 Rxb4 68. d6 Rd4 69. Rf6 Kd3 70. Kf7 1-0

[Event "4NCL Division Four"]
[Site "Daventry, ENG"]
[Date "2022.11.05"]
[Round "1.103"]
[White "Clarke, Neil"]
[Black "Barnes, David"]
[Result "0-1"]
[WhiteElo "1930"]
[BlackElo "1771"]
[PlyCount "28"]
[EventDate "2022.11.05"]
[WhiteTeam "MASCeteers"]
[BlackTeam "War and Piece A"]

1. d4 c5 2. d5 f5 3. Nc3 Nf6 4. Bg5 Qb6 5. Qd3 h6 6. Bd2 d6 7. O-O-O Na6 8. a3
Bd7 9. h4 Nc7 10. Bf4 O-O-O 11. e3 g6 12. Bh2 Bg7 13. f3 Nfxd5 14. Qc4 Nxc3 0-1

[Event "4NCL Division Four"]
[Site "Daventry, ENG"]
[Date "2022.11.05"]
[Round "1.104"]
[White "Ross, David C"]
[Black "Moss, Jack"]
[Result "0-1"]
[WhiteElo "1729"]
[BlackElo "1843"]
[PlyCount "44"]
[EventDate "2022.11.05"]
[WhiteTeam "War and Piece A"]
[BlackTeam "MASCeteers"]

1. e4 e5 2. Nf3 Nc6 3. d4 exd4 4. Bc4 Nf6 5. e5 Ne4 6. c3 d5 7. Bb5 dxc3 8. O-O
Bc5 9. Qc2 Bd7 10. Bxc6 Bxc6 11. Nxc3 O-O 12. Nxe4 dxe4 13. Ng5 Bb6 14. Nxe4 h6
15. Re1 Re8 16. Bf4 Qe7 17. Rad1 Rad8 18. Qc1 Rxd1 19. Qxd1 Qb4 20. Nf6+ gxf6
21. Qg4+ Kh8 22. Rd1 Rg8 0-1

[Event "4NCL Division Four"]
[Site "Daventry, ENG"]
[Date "2022.11.05"]
[Round "1.105"]
[White "Walner, Milenko"]
[Black "Echavarria Hidalgo, Fernando"]
[Result "0-1"]
[WhiteElo "1758"]
[BlackElo "1765"]
[PlyCount "30"]
[EventDate "2022.11.05"]
[WhiteTeam "MASCeteers"]
[BlackTeam "War and Piece A"]

1. e4 d6 2. d4 Nf6 3. Nc3 g6 4. f4 Bg7 5. Nf3 O-O 6. Be3 Ng4 7. Qd2 Nxe3 8.
Qxe3 Nc6 9. O-O-O a6 10. e5 b5 11. h4 h5 12. Be2 Bg4 13. Ng5 Qc8 14. d5 Bxe2
15. Qxe2 Nd8 0-1

[Event "4NCL Division Four"]
[Site "Daventry, ENG"]
[Date "2022.11.05"]
[Round "1.106"]
[White "O'Byrne, Daniel"]
[Black "Dos Santos Silva, Bruno Alexandre"]
[Result "1/2-1/2"]
[WhiteElo "1750"]
[BlackElo "1675"]
[PlyCount "39"]
[EventDate "2022.11.05"]
[WhiteTeam "War and Piece A"]
[BlackTeam "MASCeteers"]

1. e4 c5 2. Nf3 d6 3. d4 cxd4 4. Nxd4 Nf6 5. Nc3 g6 6. f3 Bg7 7. Be3 O-O 8. Qd2
Nc6 9. g4 Be6 10. h4 h5 11. gxh5 Nxh5 12. Rg1 Kh7 13. Nxe6 fxe6 14. Qg2 Ne5 15.
Be2 Bf6 16. O-O-O Rg8 17. Qh3 Qc8 18. f4 Nc4 19. Bxh5 gxh5 20. Bd4 1/2-1/2

[Event "4NCL Division Four"]
[Site "Daventry, ENG"]
[Date "2022.11.05"]
[Round "1.111"]
[White "Usher, Michael E"]
[Black "Waddington, Mike P"]
[Result "1-0"]
[WhiteElo "1721"]
[BlackElo "2112"]
[PlyCount "93"]
[EventDate "2022.11.05"]
[WhiteTeam "Iceni 3"]
[BlackTeam "Poole Patzers"]

1. d4 Nf6 2. c4 c5 3. d5 b5 4. Nd2 b4 5. e4 d6 6. Bd3 g6 7. f4 Bg7 8. Ngf3 O-O
9. h3 Nh5 10. Nf1 e5 11. fxe5 dxe5 12. Be3 Nd7 13. Qd2 Nf4 14. Ng3 Bh6 15. O-O
Qe7 16. Ne2 g5 17. Ng3 Nf6 18. Bc2 Rd8 19. Qf2 g4 20. Bxc5 Qe8 21. hxg4 Nxg4
22. Qe1 a5 23. Nh4 f6 24. Qd1 Bg5 25. Nhf5 Bxf5 26. exf5 h5 27. Ne4 Rac8 28. d6
Rxc5 29. Nxc5 Rxd6 30. Qe1 Rd2 31. Qxd2 Nh3+ 32. gxh3 Bxd2 33. Ne4 Be3+ 34. Kg2
Qc6 35. hxg4 hxg4 36. Rad1 Bd4 37. b3 Kg7 38. Rh1 a4 39. Rh4 axb3 40. axb3 Qa6
41. Rxg4+ Kf7 42. Rg6 Qa2 43. Rxf6+ Ke7 44. Re6+ Kd7 45. Rd2 Qa1 46. Bd1 Qa8
47. Rxe5 1-0

[Event "4NCL Division Four"]
[Site "Daventry, ENG"]
[Date "2022.11.05"]
[Round "1.112"]
[White "Weatherlake, John P"]
[Black "Carter, Dominic A"]
[Result "1-0"]
[WhiteElo "2003"]
[BlackElo "1653"]
[PlyCount "67"]
[EventDate "2022.11.05"]
[WhiteTeam "Poole Patzers"]
[BlackTeam "Iceni 3"]

1. e4 e5 2. Bc4 Nf6 3. d3 Bc5 4. Nc3 d6 5. Na4 Bb6 6. c3 Be6 7. Nxb6 axb6 8.
Bb3 c5 9. Bc2 Nc6 10. f4 Bg4 11. Ne2 exf4 12. h3 Bh5 13. Bxf4 Ne5 14. Bg5 h6
15. Bh4 g5 16. Bg3 Nfd7 17. O-O O-O 18. d4 Nc4 19. Qd3 Nxb2 20. Qb5 Ra5 21.
Qxb2 Bxe2 22. Rf2 Rb5 23. Qc1 Bh5 24. Bxd6 Re8 25. e5 cxd4 26. cxd4 Rd5 27. Qb2
Nf6 28. Bb3 Rxd6 29. exd6 Qxd6 30. Raf1 Re7 31. Rxf6 Qg3 32. Qf2 Qxf2+ 33.
R1xf2 Rd7 34. Rxh6 1-0

[Event "4NCL Division Four"]
[Site "Daventry, ENG"]
[Date "2022.11.05"]
[Round "1.113"]
[White "Rosenbaum, Danny"]
[Black "Fuller, David Michael"]
[Result "1/2-1/2"]
[WhiteElo "1621"]
[BlackElo "1960"]
[PlyCount "72"]
[EventDate "2022.11.05"]
[WhiteTeam "Iceni 3"]
[BlackTeam "Poole Patzers"]

1. d4 e6 2. Nf3 f5 3. Bf4 Nf6 4. Nc3 Bb4 5. a3 Bxc3+ 6. bxc3 O-O 7. c4 b6 8. g3
Bb7 9. Bg2 d6 10. O-O Qe7 11. c3 Nbd7 12. Qb3 c5 13. Rad1 Rfe8 14. Rfe1 e5 15.
Bc1 e4 16. Ng5 h6 17. Nh3 g5 18. f3 exf3 19. exf3 Qxe1+ 20. Rxe1 Rxe1+ 21. Kf2
Rae8 22. Qc2 Ng4+ 23. fxg4 R8e2+ 24. Qxe2 Rxe2+ 25. Kxe2 Bxg2 26. Nf2 fxg4 27.
Nxg4 Kg7 28. Ne3 Be4 29. Nd1 Kf6 30. Nf2 Bb7 31. h4 d5 32. cxd5 Bxd5 33. hxg5+
hxg5 34. dxc5 Nxc5 35. Be3 Bc4+ 36. Kf3 Bd5+ 1/2-1/2

[Event "4NCL Division Four"]
[Site "Daventry, ENG"]
[Date "2022.11.05"]
[Round "1.114"]
[White "Clancy, Martin J"]
[Black "Kent, Rowan"]
[Result "1-0"]
[WhiteElo "1794"]
[BlackElo "1582"]
[PlyCount "79"]
[EventDate "2022.11.05"]
[WhiteTeam "Poole Patzers"]
[BlackTeam "Iceni 3"]

{[%evp 0,79,32,13,13,23,23,17,16,0,6,7,7,7,31,11,3,-16,-14,-14,5,9,39,39,38,38,
56,53,53,61,105,75,95,94,96,80,170,129,164,159,215,139,197,196,229,240,359,369,
369,306,268,244,216,261,279,279,293,296,374,293,375,417,549,202,618,618,1306,
1338,1343,1352,1368,1361,1391,1400,1746,1826,29993,29994,29995,29996,29997,
29998]} 1. e4 e5 2. Nf3 Nc6 3. Bb5 a6 4. Ba4 Nf6 5. O-O b5 6. Bb3 Be7 7. Re1
O-O 8. c3 d6 9. h3 Na5 10. Bc2 Nc4 11. d4 exd4 12. cxd4 h6 13. b3 Nb6 14. Bb2
Be6 15. Qd3 Bc8 16. d5 Nbd7 17. b4 g6 18. Nbd2 Nb6 19. Qd4 Nbd7 20. Nb3 Bb7 21.
Na5 Rb8 22. a4 Qe8 23. axb5 axb5 24. Bd3 Ba8 25. Nc6 Bxc6 26. dxc6 Ne5 27. Nxe5
dxe5 28. Qxe5 Qd8 29. Qc3 Kg7 30. Red1 Bd6 31. Ra5 Qe7 32. e5 Nd5 33. exd6+
Nxc3 34. dxe7 Rfe8 35. Bxc3+ Kg8 36. Bf6 g5 37. Rxb5 g4 38. Rxb8 Rxb8 39. Bf5
g3 40. Rd8+ 1-0

[Event "4NCL Division Four"]
[Site "Daventry, ENG"]
[Date "2022.11.05"]
[Round "1.115"]
[White "Hartshorn, Harry"]
[Black "O'neill, Martin"]
[Result "1-0"]
[WhiteElo "1504"]
[BlackElo "1755"]
[PlyCount "102"]
[EventDate "2022.11.05"]
[WhiteTeam "Iceni 3"]
[BlackTeam "Poole Patzers"]

1. d4 Nf6 2. c4 g6 3. Nc3 Bg7 4. e4 d6 5. Bf4 c6 6. Be2 Nbd7 7. Nf3 a6 8. O-O
O-O 9. Qd2 Re8 10. Rad1 b5 11. b4 bxc4 12. Bxc4 Nb6 13. Bb3 Nh5 14. Be3 Bg4 15.
Qe2 e6 16. h3 Bxf3 17. Qxf3 Qc7 18. Rc1 Qb7 19. d5 cxd5 20. exd5 Bxc3 21. Rxc3
e5 22. Rc6 Nc8 23. a3 a5 24. g4 e4 25. Qd1 Nf6 26. Bh6 e3 27. Qd4 exf2+ 28.
Rxf2 Re1+ 29. Kg2 Ne8 30. Rfc2 Qa7 31. Qc3 Qg1+ 32. Kf3 Qh1+ 33. Kg3 axb4 34.
axb4 Na7 35. Rc4 f6 36. Rf4 Rg1+ 37. Kf2 Rg2+ 38. Ke3 Rg3+ 39. Ke2 Rxc3 40.
Rxc3 Nb5 41. Rcf3 Qg1 42. g5 Nd4+ 43. Rxd4 Qxd4 44. gxf6 Nxf6 45. b5 Re8+ 46.
Kf1 Ne4 47. Kg2 Nd2 48. Rf4 Re2+ 49. Kh1 Qa1+ 50. Bd1 Qxd1+ 51. Rf1 Qxf1# 1-0

[Event "4NCL Division Four"]
[Site "Daventry, ENG"]
[Date "2022.11.05"]
[Round "1.121"]
[White "Maton, Emily"]
[Black "Michener, Max"]
[Result "1-0"]
[WhiteElo "1642"]
[BlackElo "1515"]
[PlyCount "51"]
[EventDate "2022.11.05"]
[WhiteTeam "She Plays To Win Lionesses"]
[BlackTeam "Barnet Knights D"]

1. c4 f5 2. Nc3 Nf6 3. d4 e6 4. Nf3 b6 5. g3 Bb4 6. Bd2 Bb7 7. Bg2 Bxc3 8. Bxc3
Ne4 9. Qc2 O-O 10. O-O d6 11. Nd2 d5 12. Nxe4 fxe4 13. Rac1 Rf7 14. b4 Nd7 15.
Bb2 Nf6 16. c5 Qe7 17. f3 exf3 18. Bxf3 bxc5 19. Qxc5 Qxc5 20. Rxc5 Ba6 21. Rc6
Bc4 22. Rxc4 Rb8 23. Rc2 Rxb4 24. Bg2 Rf8 25. Ba3 Rxd4 26. Bxf8 1-0

[Event "4NCL Division Four"]
[Site "Daventry, ENG"]
[Date "2022.11.05"]
[Round "1.122"]
[White "Rastogi, Nayan Keats"]
[Black "Chan, Michelle (Ngo Yu)"]
[Result "1-0"]
[WhiteElo "1464"]
[BlackElo "1558"]
[PlyCount "33"]
[EventDate "2022.11.05"]
[WhiteTeam "Barnet Knights D"]
[BlackTeam "She Plays To Win Lionesses"]

1. e4 e5 2. Nf3 Nc6 3. Bb5 a6 4. Ba4 Nf6 5. O-O b5 6. Bb3 Bc5 7. c3 d6 8. d4
Bb6 9. a4 Rb8 10. axb5 axb5 11. Na3 b4 12. dxe5 Nxe4 13. Qd5 O-O 14. Qxe4 Na5
15. Bc2 g6 16. cxb4 Bf5 17. Qe2 1-0